000 00362nam a2200133Ia 4500
008 151001s9999||||xx |||||||||||||| ||und||
100 _aहरी नारायण आपटे
245 _aविदगध वाङमय
250 _a4
260 _bआर्यभूषण मुद्रणालय
260 _c1965
300 _a37
365 _b21
999 _c956686
_d956683